000 00886caa a2200193 4500
999 _c442980
_d442980
001 5142358
003 UA-OsUOA
005 20191127144116.0
008 191127b un ||||| |||| 00| 0 ukr d
040 _aUA-OsUOA
_bukr
_cUA-OsUOA
_dUA-OsUOA
041 _aukr
080 _a908
090 _a908
100 _aІванець О.
245 _aОстрогіана у значках (на матеріалах колекцій з ДІКЗ м. Острога та міського краєзнавчого музею м. Нетішина)
_cО. Іванець
300 _aС. 87–90
773 0 _0366895
_9390170
_dОстрог Свинарчук Р. В. 2011
_o136211
_tІсторія музейництва, пам'яткоохоронної справи, краєзнавства і туризму в м. Острозі і на Волині
_w(UA-OsUOA) 80586
942 _2udc
_cBKA